000 00702cam a22002414a 4500
001 13110793
005 20180312094944.0
008 030304s2004 nyua 001 0 eng
010 _a 2003045951
020 _a0805354638
040 _aDLC
_cDLC
_dDLC
041 _aeng
042 _apcc
080 _a612 MAR
082 0 0 _a612 MAR
_221
100 1 _a6
101 _aANA
245 1 0 _aHuman anatomy & physiology /
_cElaine N. Marieb.
246 3 _aHuman anatomy and physiology
906 _a7
_bcbc
_corignew
_d1
_eocip
_f20
_gy-gencatlg
942 _2ddc
_cBK
999 _c44785
_d44785